Trouvez les pays - A - Statistiques

Statistiques générales
  • Ce quiz a été pris 150 fois
  • Le résultat moyen est 13 sur 14
Statistiques - réponses
Par images Réponse % Correct
Allemagne
100%
Argentine
99%
Albanie
98%
Algérie
98%
Australie
98%
Arabie Saoudite
96%
Afrique du Sud
94%
Autriche
93%
Angola
91%
Arménie
91%
Azerbaïdjan
91%
Andorre
90%
Afghanistan
83%
Antigua-et-Barbuda
79%
Aucun quiz correspondant
Distribution des résultats
% des personnes avec chaque résultat
Percentile par nombre de réponses
Votre historique - résultats
Vous n’avez pas pris ce quiz